000 00415nam a22001697a 4500
005 20180707140615.0
008 160624b xxu||||| |||| 00| 0 eng d
020 _a978-81-7194-612-9
041 _aeng
082 _b9589
_a658.15
100 _aThakur, Mukesh Kumar
_92314
245 _aGuide to financial instruments
260 _bTaxmanns
_c2009
300 _aPARA 6.2
650 _aManagement
_9241
942 _cBK
999 _c3847
_d3846